Los Reyes Inkas del Perú / (Record no. 23594)

000 -CABECERA
fixed length control field 00908nam a22002417i 4500
003 - IDENTIFICADOR DEL NÚMERO DE CONTROL
control field AR-CdUCM
008 - DATOS DE LONGITUD FIJA--INFORMACIÓN GENERAL
fixed length control field 260406b20232023 pea|||| |||| 00| 0 spa d
020 ## - NÚMERO INTERNACIONAL ESTÁNDAR DEL LIBRO
ISBN 978-612-331-077-6
040 ## - FUENTE DE LA CATALOGACIÓN
Agencia/entidad que catalogó originalmente la obra MUNICIPALIDAD PROVINCIAL DEL CUSCO
Entidad que transcribió la catalogación BIBLIOTECA MUNICIPAL DEL CUSCO
082 ## - NÚMERO DE LA CLASIFICACIÓN DECIMAL DEWEY
No. de la edición 2° edición
No. de Clasificación 985.61
Notacion interna V19
100 ## - ENTRADA PRINCIPAL--NOMBRE DE PERSONA
Nombre Personal Valdivia Carrasco, Julio C.
245 ## - MENCIÓN DE TÍTULO
Título Los Reyes Inkas del Perú /
260 ## - PUBLICACIÓN, DISTRIBUCIÓN, ETC.
Lugar de publicación, distribución, etc. Lima-Perú
Nombre de la editorial, distribuidor, etc. Universidad Ricarto Palma - Editorial Universitaria
Fecha de publicación, distribución, etc. 2023
300 ## - DESCRIPCIÓN FÍSICA
Nº de Páginas Extensión 404 páginas. :
Dimensiones 24x17 cm.
500 ## - NOTA GENERAL
Bibliografía Bibliografía: páginas 393-404
505 ## - NOTA DE CONTENIDO CON FORMATO
Nota de contenido formateada Manko Kapak -- Sinchi Roca -- Lloke Yupanqui -- El estado imperial o Tawantinsuyo -- Los descendientes del imperio -- Los últimos Reyes Inkas
650 ## - PUNTO DE ACCESO ADICIONAL DE MATERIA--TÉRMINO DE MATERIA
Descriptor Tupak Wallpa
9 (RLIN) 52536
650 ## - PUNTO DE ACCESO ADICIONAL DE MATERIA--TÉRMINO DE MATERIA
Descriptor Manko Inka
9 (RLIN) 52537
650 ## - PUNTO DE ACCESO ADICIONAL DE MATERIA--TÉRMINO DE MATERIA
Descriptor Tupak Amaru II
9 (RLIN) 52538
942 ## - ELEMENTOS DE PUNTO DE ACCESO ADICIONAL (KOHA)
Fuente de clasificación
Tipo de item Libros-BMC
945 ## - PROCESAMIENTO DE INFORMACIÓN LOCAL (OCLC)
Catalogador pbjr
AAAA-MM-DD - Fecha de ingreso o modificacion 06-04-2023
Holdings
Estado de retiro (separado) Fuente de clasificación o esquema de estanterías Estado dañado Ubicación Sala donde se ubica Nombre de la colección Fecha de adquisición o compra Información codificada de la localización en otra ubicación Signatura topográfica Código de Barras Última vez visto (Koha) Tipo de ítem (Koha)
No     Administrador-biblioteca Administrador-biblioteca Book Cart 2026-04-06   985.61 / V19 SH0000017062 2026-04-06 Libros-BMC
No     Sala Humanidades Sala Humanidades Book Cart 2026-04-06 Donación 985.61 / V19 / e.2 SH0000017063 2026-04-06 Libros-BMC

Powered by Koha